000 00702nam a2200217 4500
005 20250124163232.0
010 _aENG-143552
020 _a9789394899926
_c350.00
035 _aEN-127084
037 _bDBAD
082 _a720.4720954
100 _aRamesh, N.
_977023
245 _aEnergy Efficiency in Buildings/
_cby N.Ramesh...[et.al]
260 _aMadurai
_bShanlax Publications
_c2022
270 _a61,66 Vasantha Nagar
_bMadurai
_e625003
_mshanlaxpublications@gmail.com
300 _a200p.
_c24cm(Pb)
700 _aNirmala, R.
_eAuthor
_977024
700 _aBhagat, Sonali R.
_eAuthor
_977025
700 _aVijayan, D.S.
_eAuthor
_977026
942 _2ddc
_cEN
_h720.4720954
_mNIR
999 _c208771
_d208771